| 000 | 00712nam a2200217 a 4500 | ||
|---|---|---|---|
| 005 | 20250116063905.0 | ||
| 008 | 040119s2003 mx r 000 0 spa d | ||
| 020 | _a9686862749 | ||
| 035 | _aUPN01000131380 | ||
| 049 | _aCG | ||
| 050 | 4 |
_aLA430 CH5 _bG8.3 |
|
| 100 | 1 | _aGutiérrez Lozano, Ramón | |
| 245 | 1 | 0 |
_aAsí enseñaban nuestros profesores / _cRamón Guiérrez Lozano, Fernando Sandoval Salinas. |
| 260 |
_aMéxico : _bInstituto Chiuahuense de la Cultura, _c2003. |
||
| 300 |
_a89 p. : _bil. |
||
| 440 | 0 |
_aSolar. _pHorizontes |
|
| 650 | 4 |
_aEducación _zChihuahua _xHistoria _915042 |
|
| 650 | 4 |
_aEducación _zMéxico _xHistoria _9187 |
|
| 700 | 1 |
_aSandoval Salinas, Fernando, _ecoaut. |
|
| 905 | _aLibro | ||
| 999 |
_c103535 _d103535 |
||